After the Internet /
In the wake of Edward Snowden's revelations, and concern that the internet has heightened rather than combatted various forms of political and social inequality, it is time we ask: What comes after a broken internet? Ramesh Srinivasan and Adam Fish reimagine the internet from the perspective of...
Saved in:
| Main Authors: | , |
|---|---|
| Format: | Book |
| Language: | English |
| Published: |
Cambridge, UK ; Malden, MA :
Polity Press,
2017.
|
| Subjects: | |
| Tags: |
Add Tag
No Tags, Be the first to tag this record!
|
| LEADER | 03181cam a2200433 i 4500 | ||
|---|---|---|---|
| 001 | 13011968 | ||
| 005 | 20180124132448.0 | ||
| 008 | 170526s2017 enk b 001 0 eng | ||
| 010 | |a 2017009318 | ||
| 020 | |a 9781509506170 |q hardback | ||
| 020 | |a 1509506179 |q hardback | ||
| 020 | |a 9781509506187 |q paperback | ||
| 020 | |a 1509506187 |q paperback | ||
| 024 | |a 40027732712 | ||
| 035 | |a (OCoLC)ocn988255976 | ||
| 035 | |a (OCoLC)988255976 | ||
| 035 | |a (NNC)13011968 | ||
| 040 | |a DLC |b eng |e rda |c DLC |d OCLCO |d BDX |d OCLCF |d ERASA |d TOH |d YDX |d OCLCO | ||
| 042 | |a pcc | ||
| 050 | 0 | 0 | |a HM851 |b .S725 2017 |
| 082 | 0 | 0 | |a 302.23/1 |2 23 |
| 100 | 1 | |a Srinivasan, Ramesh, |e author. | |
| 245 | 1 | 0 | |a After the Internet / |c Ramesh Srinivasan & Adam Fish. |
| 264 | 1 | |a Cambridge, UK ; |a Malden, MA : |b Polity Press, |c 2017. | |
| 300 | |a viii, 160 pages ; |c 23 cm | ||
| 336 | |a text |b txt |2 rdacontent | ||
| 337 | |a unmediated |b n |2 rdamedia | ||
| 338 | |a volume |b nc |2 rdacarrier | ||
| 520 | 8 | |a In the wake of Edward Snowden's revelations, and concern that the internet has heightened rather than combatted various forms of political and social inequality, it is time we ask: What comes after a broken internet? Ramesh Srinivasan and Adam Fish reimagine the internet from the perspective of grassroots activists and citizens on the margins of political and economic power. They explore how the fragments of the existing internet are being utilised - alongside a range of peoples, places, and laws - to make change possible. From indigenous and non-western communities and activists in Tahrir Square, to imprisoned hackers and whistleblowers, this book illustrates how post-digital cultures are changing the internet as we know it - from a system which is increasingly centralized, commodified, and "personalized", into something more in line with its original spirit: autonomous, creative, subversive. The book looks past the limitations of the internet, reconceptualizing network technology in relation to principles of justice and equality. Srinivasan and Fish advocate for an internet that blends the local concerns of grassroots communities and activists with the need to achieve scalable change and transformation. Written by two highly respected scholars in the field, this compelling book is essential reading for anyone concerned with the quality and future of the internet. | |
| 504 | |a Includes bibliographical references and index. | ||
| 505 | 0 | |a Introduction: after the Internet -- Reimagining technology with global communities -- Hacking the hacktivists -- Media activism: shaping online and offline networks -- After the clouds: do silk roads lead to data havens? -- Conclusion. | |
| 650 | 0 | |a Internet |x Social aspects. | |
| 650 | 0 | |a Internet |x Economic aspects. | |
| 650 | 7 | |a Internet |x Economic aspects. |2 fast |0 (OCoLC)fst00977187 | |
| 650 | 7 | |a Internet |x Social aspects. |2 fast |0 (OCoLC)fst01766793 | |
| 650 | 7 | |a COMPUTERS / Internet / General. |2 bisacsh | |
| 700 | 1 | |a Fish, Adam, |e author. | |
| 776 | 0 | 8 | |i Online version: |a Srinivasan, Ramesh, author. |t After the Internet |d Cambridge, UK ; Malden, MA : Polity Press, 2017 |z 9781509506200 |w (DLC) 2017026160 |
| 852 | 0 | 0 | |b leh |h HM851 |i .S725 2017 |


